Progresos en econometría (Registro nro. 445)

Detalles MARC
000 -LEADER
fixed length control field 01280 a2200277 4500
001 - CONTROL NUMBER
control field 6409
005 - DATE AND TIME OF LATEST TRANSACTION
control field 20260407155436.0
008 - FIXED-LENGTH DATA ELEMENTS--GENERAL INFORMATION
fixed length control field 260407a2005 arg spa d
003 - CONTROL NUMBER IDENTIFIER
control field AR-UNSa-BCEJYS
040 ## - CATALOGING SOURCE
Original cataloging agency AR-UNSa-BCEJYS
Language of cataloging spa
Transcribing agency AR-UNSa-BCEJYS
080 ## - UNIVERSAL DECIMAL CLASSIFICATION NUMBER
Universal Decimal Classification number 330.43
Common auxiliary subdivision Econometría
020 ## - INTERNATIONAL STANDARD BOOK NUMBER
International Standard Book Number 950-9445-15-0
041 ## - LANGUAGE CODE
Language code of text/sound track or separate title spa
100 1# - MAIN ENTRY--PERSONAL NAME
Personal name Ahumada, Hildegart
245 10 - TITLE STATEMENT
Title Progresos en econometría
264 #1 - PRODUCTION, PUBLICATION, DISTRIBUTION, MANUFACTURE, AND COPYRIGHT NOTICE
Place of production, publication, distribution, manufacture Buenos Aires :
Name of producer, publisher, distributor, manufacturer Asociación Argentina de Economía Política
Date of production, publication, distribution, manufacture, or copyright notice 2005
300 ## - PHYSICAL DESCRIPTION
Extent vii, 138 p.
Dimensions 22 cm.
505 ## - FORMATTED CONTENTS NOTE
Formatted contents note 1. Introducción / Mariana Marchionni - 2. Reflexiones sobre el estado actual de la metodología de la econometría / Alfredo Martín Navarro - 3. Pronóstico con modelos econométricos / Hildegart Ahumada - 4. Construcción de índices compuestos mensuales coincidente y líder de Argentina / Juan Mario Jorrat - 5. Perspectivas y avances recuentes en regresión por cuantiles / Walter Sosa Escudero.
590 ## - LOCAL NOTE (RLIN)
Local note niveau_biblio:m niveau_hierar:0
700 1# - ADDED ENTRY--PERSONAL NAME
Personal name Marchionni, Mariana
700 1# - ADDED ENTRY--PERSONAL NAME
Personal name Jorrat, Juan Mario
700 1# - ADDED ENTRY--PERSONAL NAME
Personal name Navarro, Alfredo Martín
700 1# - ADDED ENTRY--PERSONAL NAME
Personal name Sosa Escudero, Walter
856 41 - ELECTRONIC LOCATION AND ACCESS
Uniform Resource Identifier <a href="https://biblioeco.unsa.edu.ar/pmb/images/libros/Progresos en Econometr?a-l118548.jpg">https://biblioeco.unsa.edu.ar/pmb/images/libros/Progresos en Econometr?a-l118548.jpg</a>
Link text Imagen de portada
Electronic format type image/jpeg
942 ## - ADDED ENTRY ELEMENTS (KOHA)
Koha item type
Existencias
Withdrawn status Lost status Damaged status Not for loan Home library Current library Shelving location Date acquired Total checkouts Full call number Barcode Date last seen Price effective from Koha item type
        Biblioteca Prof. Eusebio Cleto del Rey Biblioteca Prof. Eusebio Cleto del Rey   07/04/2026   330.43 M315 L116226 07/04/2026 07/04/2026 Libro
        Biblioteca Prof. Eusebio Cleto del Rey Biblioteca Prof. Eusebio Cleto del Rey   07/04/2026   330.43 M315 L116746 07/04/2026 07/04/2026 Libro
        Biblioteca Prof. Eusebio Cleto del Rey Biblioteca Prof. Eusebio Cleto del Rey   07/04/2026   330.43 M315 L118548 07/04/2026 07/04/2026 Libro
        Biblioteca Prof. Eusebio Cleto del Rey Biblioteca Prof. Eusebio Cleto del Rey   07/04/2026   330.43 M315 L127282 07/04/2026 07/04/2026 Libro
        Biblioteca Prof. Eusebio Cleto del Rey Biblioteca Prof. Eusebio Cleto del Rey   07/04/2026   330.43 M315 L127283 07/04/2026 07/04/2026 Libro
        Biblioteca Prof. Eusebio Cleto del Rey Biblioteca Prof. Eusebio Cleto del Rey   07/04/2026   330.43 M315 L127430 07/04/2026 07/04/2026 Libro